000 01306cam a2200373 i 4500
001 30350
003 BD-RjUL
005 20211209051542.0
008 140409s1975 nyua b 001 0 eng
020 _a0808908650
035 _a(BD-RjUL)30435
040 _aDLC
_cDLC
_dDLC
_dBD-RjUL
_beng
041 _aeng
060 _aWM145 B435t
082 0 0 _a155.2844
_bBET 1975
100 1 _aBellak, Leopold,
_d1916-
_992257
245 1 4 _aThe Thematic Apperception Test, the Children's Apperception Test, and the Senior Apperception Technique in clinical use /
_cLeopold Bellak.
250 _a3d ed.
260 _aNew York :
_bGrune & Stratton,
_cc1975.
300 _axvi, 320 p. :
_bill. ;
_c26 cm.
500 _aCover title: The T.A.T., C.A.T., and S.A.T. in clinical use.
500 _aIncludes index.
504 _aBibliography: p. 299-310.
650 0 _aThematic Apperception Test.
_992258
650 0 _aChildren's Apperception Test.
_992259
650 0 _aSenior Apperception Technique.
_992260
650 2 _aMental disorders.
_992261
650 2 _aProjective technics.
_992262
650 2 _aThematic apperception test
_xIn infancy and childhood.
_992263
740 0 _aT.A.T., C.A.T., and S.A.T. in clinical use.
942 _2ddc
_cBK
999 _c30350
_d30350